000 00321nam a22001337a 4500
003 SGT
020 _a978-0-19-856899-5
082 _a612.826
_bE07M
100 _aMCGRATH, JOANNA C.
245 _aETHICAL PRACTICE IN BRAIN INJURY REHABILITATION
260 _aNEW YORK
_bOXFORD
_c2007
300 _a182
942 _2ddc
_cBK
999 _c15430
_d15430